Statistiken für Verein nach Gründungsjahr (Männer)

Klicken Sie hier um das Quiz zu spielen!

Allgemein

  • Dieses Quiz wurde 328 mal gespielt
    (115 seit der letzten Aktualisierung)
  • Das Durchschnittsergebnis liegt bei 11 aus 34

Antwortstatistiken

JahrVerein% Korrekt
1860TSV 1860 München
94%
1904
SC Freiburg
Bayer Leverkusen
FC Schalke 04
87%
1900
1. FC Kaiserslautern
Holstein Kiel
Borussia Mönchengladbach
FC Bayern München
1. FC Nürnberg
80%
1899
Werder Bremen
Eintracht Frankfurt
TSG Hoffenheim
VfL Osnabrück
79%
1909Borussia Dortmund
77%
2009
RB Leipzig
SSV Ulm 1846
77%
1905
Arminia Bielefeld
1. FSV Mainz 05
53%
1887Hamburger SV
52%
1896Hannover 96
49%
1893VfB Stuttgart
45%
1895
Eintracht Braunschweig
Fortuna Düsseldorf
42%
19481. FC Köln
40%
1907
FC Augsburg
SV Elversberg
Rot-Weiss Essen
Waldhof Mannheim
SC Paderborn 07
Jahn Regensburg
38%
1910FC St. Pauli
33%
2004FC Ingolstadt 04
29%
1898SV Darmstadt 98
29%
1945VfL Wolfsburg
27%
1892Hertha BSC
26%
1966
1. FC Union Berlin
Hallescher FC
24%
1965
1. FC Magdeburg
F.C. Hansa Rostock
19%
20071. FC Heidenheim
18%
1953Dynamo Dresden
18%
1938VfL Bochum
17%
1894Karlsruher SC
13%
1916SV Sandhausen
13%
1903
SpVgg Greuther Fürth
1. FC Saarbrücken
11%
1902MSV Duisburg
10%
1906Preußen Münster
8%
1946Erzgebirge Aue
7%
1926Wehen Wiesbaden
7%
2010FC Viktoria Köln
6%
1925SpVgg Unterhaching
6%
1919VfB Lübeck
6%
1924SC Verl
4%

Verteilung der Resultate

Perzentil nach korrekt beantworteten Fragen

Anzahl Personen mit jedem Resultat

Ihre Resultats-Entwicklung

Sie haben dieses Quiz seit der letzten Aktualisierung nicht gespielt